| 000 | 006510000a22001810004500 | ||
|---|---|---|---|
| 003 | MACL | ||
| 005 | 20160603164524.0 | ||
| 008 | 160603b xxu||||| |||| 00| 0 eng d | ||
| 040 |
_aMACL _cMACL |
||
| 041 | _aHindi | ||
| 082 | _a920 PAR | ||
| 100 |
_aपराशर, संदीप _961920 |
||
| 245 |
_aस्वामी दयानन्द सरस्वती _bजीवन और शिक्षा दर्शन _cसंदीप पराशर |
||
| 260 |
_bआर. के. पब्लिशर्स _c2005 _aनई दिल्ली |
||
| 350 | _a200 | ||
| 650 |
_aBiography _962240 |
||
| 942 |
_cHIN _k920/PAR _2ddc |
||
| 999 |
_c18472 _d18472 |
||